[Event "HUN-chT2 Szechenyi 1112"]
[Site "Hungary"]
[Date "2012.05.20"]
[Round "11.11"]
[White "Vajda, Lajos"]
[Black "Kaufmann, Peter"]
[Result "0-1"]
[WhiteElo "1805"]
[BlackElo "1707"]
[PlyCount "104"]
[EventDate "2011.09.25"]
[EventType "team-tourn"]
[EventRounds "11"]
[EventCountry "HUN"]
[SourceTitle "EXT 2013"]
[Source "ChessBase"]
[SourceDate "2012.11.22"]
[SourceVersion "1"]
[SourceVersionDate "2012.11.22"]
[SourceQuality "1"]
[WhiteTeam "Zalakaros"]
[BlackTeam "Tapolca"]
[WhiteTeamCountry "HUN"]
[BlackTeamCountry "HUN"]

1. c4 c5 2. Nc3 Nc6 3. g3 g6 4. Bg2 Bg7 5. Nf3 Nf6 6. 0-0 0-0 7. d3 d6 8. e4 Bd7 9. Re1 a6 10. Rb1 Rb8 11. Nd5 Nxd5 12. exd5 Nd4 13. Nxd4 Bxd4 14. Be3 Bxe3 15. Rxe3 e5 16. dxe6 Bxe6 17. Qd2 d5 18. cxd5 Bxd5 19. Bxd5 Qxd5 20. b3 Rfe8 21. Rbe1 Qd7 22. Rxe8+ Rxe8 23. Rxe8+ Qxe8 24. Qe3 Qc6 25. Qe5 b6 26. h4 h5 27. d4 cxd4 28. Qxd4 Qe6 29. Kg2 b5 30. Qd8+ Kg7 31. Qd4+ Qf6 32. Qa7 Qc6+ 33. Kg1 Qd6 34. Qb7 Qa3 35. Qd5 Qxa2 36. Kg2 Qa3 37. Qe5+ Kh7 38. Qd5 Qe7 39. b4 Kg7 40. Qd4+ Qf6 41. Qc5 Qe6 42. Qd4+ Kh7 43. Qf4 Kg7 44. Qd4+ Qf6 45. Qd5 Qc3 46. Qd6 a5 47. bxa5 Qxa5 48. Qd4+ Kg8 49. Qd5 Qb6 50. g4 Qe6 51. Qd8+ Kg7 52. g5 Qe5 0-1

[Event "HUN-chT2 Szechenyi 1011"]
[Site "Hungary"]
[Date "2010.11.07"]
[Round "5.10"]
[White "Toth, Laszlo5555"]
[Black "Vajda, Lajos"]
[Result "1/2-1/2"]
[WhiteElo "1818"]
[BlackElo "1795"]
[PlyCount "140"]
[EventDate "2010.09.12"]
[EventType "team-tourn"]
[EventRounds "11"]
[EventCountry "HUN"]
[SourceTitle "EXT 2012"]
[Source "ChessBase"]
[SourceDate "2011.11.24"]
[SourceVersion "1"]
[SourceVersionDate "2011.11.24"]
[SourceQuality "1"]
[WhiteTeam "Lovo"]
[BlackTeam "Spartacus"]
[WhiteTeamCountry "HUN"]
[BlackTeamCountry "HUN"]

1. d4 Nf6 2. c4 g6 3. Nc3 d5 4. Nf3 Bg7 5. e3 c6 6. cxd5 Nxd5 7. Bc4 0-0 8. 0-0 Nxc3 9. bxc3 b5 10. Be2 a6 11. a4 Bb7 12. Qb3 Qc7 13. Ba3 Re8 14. Ng5 e6 15. Ne4 Rd8 16. Nc5 Nd7 17. Bf3 Nxc5 18. Bxc5 Bf8 19. Qb4 Bxc5 20. Qxc5 Rab8 21. axb5 axb5 22. Ra7 Qd6 23. Qb6 Ba8 24. Qa5 b4 25. c4 b3 26. c5 Qf8 27. Rb1 Rb5 28. Qc3 Rdb8 29. Rxa8 Rxa8 30. Bxc6 Qb8 31. Bxa8 Qxa8 32. h3 Qa2 33. Rb2 Qa1+ 34. Kh2 Qa3 35. c6 Qd6+ 36. g3 Qb4 37. Qd3 Rb8 38. d5 exd5 39. Qxd5 Qc3 40. c7 Qxc7 41. Rxb3 Rxb3 42. Qxb3 Kg7 43. Qb2+ f6 44. Kg2 h6 45. g4 g5 46. Qd4 Qc6+ 47. e4 Qe6 48. Qa7+ Kg6 49. Qe3 Qe5 50. Qf3 Kg7 51. Qd3 Qc7 52. Qd5 Qe7 53. h4 Qc7 54. h5 Qe7 55. Qf5 Qf7 56. Qc5 Kh8 57. Qd5 Qe7 58. Qf5 Qf7 59. Qd5 Qe7 60. Qf5 Qf7 61. Kg3 Kg7 62. Kh3 Kf8 63. Kg3 Kg7 64. e5 Qb3+ 65. Kh2 Qf7 66. e6 Qe8 67. Qd5 Kf8 68. Qf5 Ke7 69. Qh7+ Kxe6 70. Qxh6 Qb8+ 1/2-1/2

[Event "HUN-chT2 Szechenyi 0910"]
[Site "Hungary"]
[Date "2010.04.18"]
[Round "10.5"]
[White "Vajda, Lajos"]
[Black "Horvath, Gabor1111"]
[Result "1/2-1/2"]
[WhiteElo "2035"]
[BlackElo "2084"]
[PlyCount "61"]
[EventDate "2009.11.08"]
[EventType "team-tourn"]
[EventRounds "11"]
[EventCountry "HUN"]
[SourceTitle "EXT 2011"]
[Source "ChessBase"]
[SourceDate "2010.11.26"]
[SourceVersion "1"]
[SourceVersionDate "2010.11.26"]
[SourceQuality "1"]
[WhiteTeam "Kertvaros"]
[BlackTeam "FKMK"]
[WhiteTeamCountry "HUN"]
[BlackTeamCountry "HUN"]

1. d4 Nf6 2. Nf3 b6 3. g3 Bb7 4. Bg2 e6 5. 0-0 Be7 6. c4 0-0 7. Nc3 Ne4 8. Nxe4 Bxe4 9. Ne5 Bxg2 10. Kxg2 d6 11. Nf3 Nd7 12. b3 f5 13. Qd3 Bf6 14. Bb2 Qe7 15. Rad1 g6 16. e4 fxe4 17. Qxe4 Rfe8 18. Rfe1 Qf7 19. Qf4 Nf8 20. Re2 Re7 21. Rde1 Rae8 22. h4 Qg7 23. g4 Rf7 24. Qe4 Bd8 25. Bc1 h6 26. b4 Nd7 27. Qe3 Kh7 28. Qd3 Ref8 29. Re3 Nf6 30. Kg3 Nd7 31. h5 1/2-1/2